Educación y manipulación

Uloženo v:
Podrobná bibliografie
Hlavní autor: Otero, Oliveros F. (autor)
Médium: Kniha
Jazyk:španělština
Vydáno: Pamplona EUNSA 1981
Vydání:2a. ed
Edice:Educación NT
Témata:
Tagy: Přidat tag
Žádné tagy, Buďte první, kdo vytvoří štítek k tomuto záznamu!

MARC

LEADER 00000nam a2200000 a 4500
001 UCZ7501
003 CL-VaPUC
008 960105e19810000SP |||||||||||||||||spa|d
082 0 4 |a 370.112  |b OTE  |2 21 
100 |a Otero, Oliveros F.  |e autor  |9 595801 
245 1 0 |a Educación y manipulación 
250 |a 2a. ed 
300 |a 224 p 
942 |c BK 
945 |d 19960105 00:00:00  |a cmena 
260 |a Pamplona  |b EUNSA  |c 1981 
650 0 |a Educación  |9 258661 
650 0 |a Libertad de enseñanza   |9 311567 
650 7 |a PAPEL DE LA EDUCACION  |2 CL-VaPUC  |9 338800 
650 0 |a Filosofía de la educación   |9 258384 
583 |a last modification  |c 19960105 00:00:00  |k Rodrigo Vera 
490 0 |a Educación NT 
999 |c 243570  |d 243568 
952 |0 0  |1 0  |4 0  |6 370_112000000000000_OTE_1981  |7 0  |8 A  |9 257252  |a BIBEDU  |b BIBEDU  |d 2019-11-19  |i 1611410  |o 370.112 OTE 1981  |p 1611410  |r 2019-11-19  |w 2019-11-19  |y BK  |k EDU 
952 |0 0  |1 0  |4 0  |6 370_112000000000000_OTE_1981  |7 0  |8 A  |9 257253  |a BIBEDU  |b BIBEDU  |d 2019-11-19  |i 1611321  |o 370.112 OTE 1981  |p 1611321  |r 2019-11-19  |w 2019-11-19  |y BK  |k EDU